Determinación de áreas críticas para la siembra de arroz por factores climáticos en vertiente pacífico /
Gorde:
| Egile nagusia: | |
|---|---|
| Beste egile batzuk: | , |
| Formatua: | Texto |
| Argitaratua: |
San José:
OPSA
|
| Etiketak: |
Etiketa erantsi
Etiketarik gabe, Izan zaitez lehena erregistro honi etiketa jartzen!
|
MARC
| LEADER | 00000 a a2200000 04500 | ||
|---|---|---|---|
| 001 | 15687 | ||
| 003 | |||
| 040 | |||
| 090 | |a EXTRAVIADO | ||
| 100 | |a Pérez, Samuel | ||
| 245 | |a Determinación de áreas críticas para la siembra de arroz por factores climáticos en vertiente pacífico / |c Samuel Pérez | ||
| 260 | |a San José: |b OPSA | ||
| 300 | |a 38 p. | ||
| 700 | |a Umaña, Jorge | ||
| 700 | |a Esquivel, Luis Carlos | ||
| 999 | |c 11310 |d 11310 | ||
